000 00285nam a22001097a 4500
999 _c4618
_d4618
008 250306b ||||| |||| 00| 0 eng d
020 _a9780316266994
082 _aFIC FIN
100 _aFINN,PERDITA
_eAUTHOR
245 _aLITTLE PONY
_bTWILIGHT'S SPARKLY SLEEPOVER SURPRISE
942 _2ddc